<?xml version="1.0" encoding="UTF-8"?><?xml-stylesheet type="text/xsl" href="static/style.xsl"?><OAI-PMH xmlns="http://www.openarchives.org/OAI/2.0/" xmlns:xsi="http://www.w3.org/2001/XMLSchema-instance" xsi:schemaLocation="http://www.openarchives.org/OAI/2.0/ http://www.openarchives.org/OAI/2.0/OAI-PMH.xsd"><responseDate>2026-04-27T21:55:11Z</responseDate><request verb="GetRecord" identifier="oai:uvadoc.uva.es:10324/16643" metadataPrefix="marc">https://uvadoc.uva.es/oai/request</request><GetRecord><record><header><identifier>oai:uvadoc.uva.es:10324/16643</identifier><datestamp>2021-06-29T12:25:53Z</datestamp><setSpec>com_10324_38</setSpec><setSpec>col_10324_852</setSpec></header><metadata><record xmlns="http://www.loc.gov/MARC21/slim" xmlns:doc="http://www.lyncode.com/xoai" xmlns:xsi="http://www.w3.org/2001/XMLSchema-instance" xmlns:dcterms="http://purl.org/dc/terms/" xsi:schemaLocation="http://www.loc.gov/MARC21/slim http://www.loc.gov/standards/marcxml/schema/MARC21slim.xsd">
<leader>00925njm 22002777a 4500</leader>
<datafield tag="042" ind1=" " ind2=" ">
<subfield code="a">dc</subfield>
</datafield>
<datafield tag="720" ind1=" " ind2=" ">
<subfield code="a">Paniagua Iglesias, Francisco Antonio</subfield>
<subfield code="e">author</subfield>
</datafield>
<datafield tag="260" ind1=" " ind2=" ">
<subfield code="c">2015</subfield>
</datafield>
<datafield tag="520" ind1=" " ind2=" ">
<subfield code="a">La implantación de un autoclave en la industria aeronáutica resulta fundamental debido a la necesidad de curado de los composites para la elaboración de las partes primarias. Su instalación en la empresa Aciturri Composites S.L.U. requiere la realización de una obra civil de gran envergadura, no sólo para ubicar dicho autoclave, sino también para las instalaciones auxiliares necesarias para su funcionamiento (mecánica, eléctrica y de carga). La instalación mecánica tiene por objeto la refrigeración y presurización del autoclave, además de aportar vacío para llevar a cabo el curado de las piezas. La finalidad de la instalación eléctrica es alimentar a las resistencias, que aportan calor, y a un electroventilador que proporciona una temperatura uniforme en todo el autoclave. Por último, la instalación de carga facilita y agiliza el llenado de dicho autoclave.</subfield>
</datafield>
<datafield tag="024" ind2=" " ind1="8">
<subfield code="a">http://uvadoc.uva.es/handle/10324/16643</subfield>
</datafield>
<datafield ind1=" " ind2=" " tag="653">
<subfield code="a">Industria aeronáutica</subfield>
</datafield>
<datafield tag="245" ind1="0" ind2="0">
<subfield code="a">Implantación de un Autoclave en la industria aeronáutica</subfield>
</datafield>
</record></metadata></record></GetRecord></OAI-PMH>